Just William/ (Record no. 214458)

MARC details
000 -LEADER
fixed length control field 00571nam a2200205 4500
010 ## - LCCN (DPL NO)
LC control number ENG-147635
020 ## - INTERNATIONAL STANDARD BOOK NUMBER
International Standard Book Number 9788119670468
Terms of availability 350.00
035 ## - SYSTEM CONTROL NUMBER
System control number EN-131167
037 ## - SOURCE OF ACQUISITION
Source of stock number/acquisition DBAD
082 ## - DEWEY DECIMAL CLASSIFICATION NUMBER
Classification number S
Item number 1
100 ## - MAIN ENTRY--PERSONAL NAME
Personal name Crompton ,Richmal
245 ## - TITLE STATEMENT
Title Just William/
Statement of responsibility, etc by Abhishek Rana
250 ## - EDITION STATEMENT
Edition statement 1
260 ## - PUBLICATION, DISTRIBUTION, ETC. (IMPRINT)
Name of publisher, distributor, etc Renu Kaul Verma
Place of publication, distribution, etc New Delhi
Date of publication, distribution, etc 2025
270 ## - ADDRESS
Address Vitasta Publishing Pvt.Ltd 4348/4C,Ansari Road, Daryaganj
City New Delhi
Postal code 110002
300 ## - PHYSICAL DESCRIPTION
Extent P.240
Dimensions 20cm(pb)
700 ## - ADDED ENTRY--PERSONAL NAME
Personal name Geethu Vb
9 (RLIN) 86795
700 ## - ADDED ENTRY--PERSONAL NAME
Personal name Amruth m
9 (RLIN) 86796
942 ## - ADDED ENTRY ELEMENTS (KOHA)
Source of classification or shelving scheme Dewey Decimal Classification
Item type English Books
Classification part S
Call number suffix Cro
Holdings
Withdrawn status Lost status Not for loan Collection code Home library Current library Date acquired Source of acquisition Cost, normal purchase price Full call number Barcode Copy number Cost, replacement price Koha item type
    Not For Loan Fiction Ashok Vihar Ashok Vihar 22/01/2026 DBAD 350.00 S Cro EN-131167 1 350.00 English Books

© Delhi Public Library
Hit Counter
free hit counter